Hospodárenie poľnohospodárskeho podniku v trhových podmienkach diplomová práca

Enregistré dans:
Détails bibliographiques
Auteur principal: Kopčoková, Soňa
Collectivité auteur: Fakulta podnikového manažmentu EU. Katedra podnikovohospodárska
Autres auteurs: Tršťanská, Alena
Format: Livre
Langue:slovaque
Publié: Bratislava 2008
Tags: Ajouter un tag
Pas de tags, Soyez le premier à ajouter un tag!

MARC

LEADER 00000nam$a2200000$$$4500
001 0086269
005 20240201115255.9
041 0 |a slo 
044 |a SK 
245 1 0 |a Hospodárenie poľnohospodárskeho podniku v trhových podmienkach  |b diplomová práca  |c Soňa Kopčoková ; škol. Alena Tršťanská 
264 1 |a Bratislava  |c 2008 
300 |a 86 s. 
100 1 |a Kopčoková, Soňa 
700 1 |a Tršťanská, Alena 
710 2 |a Fakulta podnikového manažmentu EU. Katedra podnikovohospodárska